| 000 | 00424 a2200169 4500 | ||
|---|---|---|---|
| 001 | 185671 | ||
| 020 | _a85-01-06515-3 | ||
| 040 | _cMagnum | ||
| 100 | _aCarter, Lin | ||
| 240 | 1 | 0 |
_aO senhor do senhor dos anéis: o mundo de tolkien _lpor |
| 245 | 1 | 0 | _aO senhor do senhor dos anéis: o mundo de tolkien |
| 300 | _a221 | ||
| 362 | 0 | _a2003 | |
| 440 | 1 | _aRecord | |
| 697 | _aLITERATURA JUVENIL ESTRANGEIRA | ||
| 942 | _cBK | ||
| 999 |
_c185671 _d185671 |
||